Podnikateľské prostredie a podnikateľská politika samospráv obcí - slovenské námety

Saved in:
Bibliographic Details
Main Author: Žárska, Elena, 1955-
Format: Book Chapter
Language:Slovak
Tags: Add Tag
No Tags, Be the first to tag this record!

MARC

LEADER 00000naa$a2200000$$$4500
001 0061711
005 20240502083148.4
041 0 |a slo 
044 |a CZ 
245 1 0 |a Podnikateľské prostredie a podnikateľská politika samospráv obcí - slovenské námety  |c Elena Žárska 
100 1 |a Žárska, Elena, 1955-